[Event "Crema op 22nd"]
[Site "Crema"]
[Date "2022.09.09"]
[Round "2"]
[White "Zorzi, Aristide"]
[Black "Cucca, Francesco"]
[Result "0-1"]
[WhiteElo "1756"]
[BlackElo "1774"]
[PlyCount "46"]
[EventDate "2022.09.09"]
[EventType "swiss"]
[EventRounds "6"]
[EventCountry "ITA"]
[SourceTitle "CBM 210 Extra"]
[Source "ChessBase"]
[SourceDate "2022.11.30"]
[SourceVersion "1"]
[SourceVersionDate "2022.11.30"]
[SourceQuality "1"]

1. f4 c5 2. Nf3 g6 3. e3 Bg7 4. d4 Nf6 5. Bd3 b6 6. 0-0 0-0 7. c3 d6 8. Qc2 Bb7 9. Nbd2 Nc6 10. f5 Rc8 11. fxg6 hxg6 12. Ne4 Nxe4 13. Bxe4 d5 14. Bxg6 fxg6 15. Qxg6 Qe8 16. Qg4 e5 17. e4 dxe4 18. Bh6 Rc7 19. Nh4 Bc8 20. Qg5 Rxf1+ 21. Rxf1 Rf7 22. Rf6 Ne7 23. Ng6 Rxf6 0-1

[Event "Brescia Province-ch"]
[Site "Sarezzo"]
[Date "2014.02.02"]
[Round "6"]
[White "Lumachi, Gabriele"]
[Black "Zorzi, Aristide"]
[Result "0-1"]
[WhiteElo "1419"]
[BlackElo "1760"]
[PlyCount "73"]
[EventDate "2014.01.25"]
[EventType "swiss"]
[EventRounds "6"]
[EventCountry "ITA"]
[SourceTitle "EXT 2015"]
[Source "ChessBase"]
[SourceDate "2014.11.20"]
[SourceVersion "1"]
[SourceVersionDate "2014.11.20"]
[SourceQuality "1"]

1. e4 e6 2. Nc3 d5 3. d4 Nf6 4. e5 Nfd7 5. Nf3 c5 6. Bb5 a6 7. Bxd7+ Bxd7 8. 0-0 cxd4 9. Qxd4 Nc6 10. Qe3 Be7 11. Nd4 0-0 12. Nxc6 bxc6 13. Qg3 Re8 14. Ne2 c5 15. Bh6 Bf8 16. Nf4 f5 17. Nh5 Qe7 18. Nf6+ Kh8 19. Nxe8 Rxe8 20. Bg5 Qf7 21. Rae1 Bb5 22. Bd2 Qb7 23. Qb3 Qc6 24. Qf3 Bxf1 25. Rxf1 Qb5 26. Qb3 c4 27. Qxb5 axb5 28. a3 d4 29. Bb4 Bxb4 30. axb4 Rd8 31. Rd1 Kg8 32. Kf1 g5 33. Ke2 Rd5 34. f3 h5 35. Re1 Kg7 36. c3 d3+ 37. Kf2 0-1